01182cam a22003734i 4500003000900000005001700009008004100026020001500067035002700082040003300109082000900142100002900151245003200180264005500212300003800267336002100305337002500326338002300351504002800374505026100402526001000663526001000673526001000683526001000693526000800703526000800711526000800719526000800727526000800735526000800743526000800751650003100759700001800790PE-LiUPU20250731173532.0150616s1992 miu rb 000 0 eng d a0801010225 a(Sirsi) i9780801010224 aPE-LiUPUbspacPE-LiUPUerda04b2211 aBelli, Humberto,eautor.10aBeyond Liberation Theology. 1aGrand Rapids, Michigan :bBaker Book House,c1992. a206 páginas ;c21 centímetros atext2rdacontent aunmediated2rdamedia avolume2rdacarrier aIncluye bibliografía.0 aHistorical overview -- Toward a new liberation theology -- Liberation theology and marxism -- Liberation theology and capitalism -- Liberation theology and the Bible -- Liberation theology and social theory -- Liberation theology and culture of poverty. aSEG42 aSEG41 aSEG40 aSEG39 aP94 aP87 aP86 aP85 aP77 aP76 aP3504aTEOLOGIA DE LA LIBERACION.1 aNash, Ronald.